Provérbios Portugueses (Registo nº 115)

Detalhes MARC
000 -Etiqueta do registo
Cabeçalho 00788nam0a22003251 4500
005 - Identificador da versão
Campo de controlo 20240813121755.0
010 ## - Número internacional normalizado dos livros (ISBN)
Número (ISBN) 9724614672
021 ## - Número do Depósito Legal
Código do país PT
Número 195 507/03
035 ## - Other System Control Numbers
System Control Number 0000123
System Control Number 0000123
System Control Number 0000123
System Control Number 0000119
100 ## - Dados gerais de processamento
Dados gerais de processamento 20041110d19962003m e0pory5003 ba
102 ## - Pais de publicação ou produção
País de publicação Portugal
101 0# - Língua de publicação
Língua do texto, banda sonora, etc. Português
Língua do documento no original Português
106 ## - Campo de dados codificados: material textual
Dados codificados do material textual r
105 ## - Campo de dados codificados: livros
Dados codificados dos livros y z 001yy
215 ## - Descrição física 
Indicação específica da natureza do documento e extensão da espécie p.407
Dimensões cm
200 1# - Titulo e menção de responsabilidade
Título próprio Provérbios Portugueses
Primeira menção de responsabilidade António Moreira
225 2# - Colecção 
Título próprio da colecção coisas nossas
205 ## - Menção da edição
Menção da edição 5ª ed.
210 ## - Publicação, Distribuição, etc. 
Lugar da edição, distribuição, etc. Lisboa
Nome do editor, distribuidor, etc. Editorial Notícias
Data da publicação, distribuição, etc. 2003
300 ## - Notas gerais 
Texto da nota provérbios portugueses
675 ## - Classificação Decimal Universal (CDU)
Notação 398.9(469)
Edição BN
Língua da edição por
700 #1 - Nome de autor-pessoa física (responsabilidade principal)
Número de registo de entrada de autoridade 0000193
Palavra de ordem Moreira
Outra parte do nome não tomada para palavra de ordem António
942 ## - Elementos de entrada adicionados (Koha)
Tipo de item no Koha Livro
Exemplares
Situação do levantamento Origin of item (home branch) (coded) Biblioteca de empréstimo Código de barras Cota Circulation type (not for loan) Tipo de documento Nota do exemplar Damaged status
  Biblioteca Escolar Eng. Nuno Mergulhão Biblioteca Escolar Eng. Nuno Mergulhão BENM859 398.9 MOR   Livro Sem mensagem